Quiz o Abchazji - Statystyki

Ogólne statystyki
  • Ten quiz został rozwiązany 8 razy
  • Średni wynik to 9 z 13
Statystyki odpowiedzi
Wskazówka Odpowiedź % Poprawnych
De iure jest częścią tego państwa Gruzja
100%
Morze z którym graniczy Morze Czarne
80%
Główna religia Prawosławie
80%
Państwo z którym graniczy (oprócz Gruzji) Rosja
80%
Języki urzędowe Rosyjski
80%
Alfabet którego się używa Zmodyfikowana cyrylica
80%
Przybliżona populacja (w tysiącach) 245 tysięcy
60%
Języki urzędowe Abchaski
60%
Waluta Rubel Rosyjski
60%
Abchazja słynie z produkcji tego napoju Wino
60%
Rok w którym Abchazja ogłosiła niepodległość 1992
40%
Wymień dowolne państwo (oprócz Rosji) które uznaje niepodległość Abchazji Nikaragua | Wenezuela | Nauru | Syria
40%
Stolica Suchumi
40%
Nie znaleziono quizów pasujących do podanych kryteriów
Rozkład punktacji
Procent ludzi z każdym wynikiem
Percentyl według liczby udzielonych odpowiedzi
Twoja historia wyników
Nie rozwiązałeś tego quizu